header

M is for Mama's boy / (Record no. 262683)

MARC details
000 -LEADER
fixed length control field 01296cam a2200337 a 4500
001 - CONTROL NUMBER
control field 16271790
003 - CONTROL NUMBER IDENTIFIER
control field OSt
005 - DATE AND TIME OF LATEST TRANSACTION
control field 20250617094023.0
008 - FIXED-LENGTH DATA ELEMENTS--GENERAL INFORMATION
fixed length control field 100608s2010 nyua c 000 1 eng
010 ## - LIBRARY OF CONGRESS CONTROL NUMBER
LC control number 2010017429
020 ## - INTERNATIONAL STANDARD BOOK NUMBER
International Standard Book Number 9780810989863 (alk. paper)
040 ## - CATALOGING SOURCE
Original cataloging agency DLC
Transcribing agency DLC
Modifying agency DLC
042 ## - AUTHENTICATION CODE
Authentication code lcac
050 00 - LIBRARY OF CONGRESS CALL NUMBER
Classification number PZ7.B882323
Item number Nfm 2010
082 00 - DEWEY DECIMAL CLASSIFICATION NUMBER
Classification number [Fic]
Edition number 22
100 1# - MAIN ENTRY--PERSONAL NAME
Personal name Buckley, Michael,
Dates associated with a name 1969-
245 10 - TITLE STATEMENT
Title M is for Mama's boy /
Statement of responsibility, etc Michael Buckley ; illustrations by Ethen Beavers.
260 ## - PUBLICATION, DISTRIBUTION, ETC. (IMPRINT)
Place of publication, distribution, etc New York :
Name of publisher, distributor, etc Amulet Books,
Date of publication, distribution, etc 2010.
300 ## - PHYSICAL DESCRIPTION
Extent 246 p. :
Other physical details ill. ;
Dimensions 22 cm.
490 0# - SERIES STATEMENT
Series statement NERDS ;
Volume number/sequential designation bk. 2
520 ## - SUMMARY, ETC.
Summary, etc Led by Duncan "Gluestick" Dewey, the NERDS team uses brain power and courage rather than gadgets when they face off against supervillian Simon, his band of savage squirrels, and Albert, a middle-aged computer genius who lives with his mother.
650 #1 - SUBJECT ADDED ENTRY--TOPICAL TERM
Topical term or geographic name as entry element Spies
Form subdivision Fiction.
Topical term or geographic name as entry element Superheroes
Form subdivision Fiction.
Topical term or geographic name as entry element Schools
Form subdivision Fiction.
Topical term or geographic name as entry element Squirrels
Form subdivision Fiction.
Topical term or geographic name as entry element Humorous stories.
700 1# - ADDED ENTRY--PERSONAL NAME
Personal name Beavers, Ethen,
Relator term ill.
906 ## - LOCAL DATA ELEMENT F, LDF (RLIN)
a 7
b cbc
c orignew
d 1
e ecip
f 20
g y-gencatlg
942 ## - ADDED ENTRY ELEMENTS (KOHA)
Source of classification or shelving scheme Library of Congress Classification
Koha item type Long Loan Books
Holdings
Withdrawn status Lost status Source of classification or shelving scheme Damaged status Not for loan Collection code Home library Current library Shelving location Date acquired Total Checkouts Full call number Barcode Date last seen Price effective from Koha item type
    Library of Congress Classification     Fiction Rongo University Library Rongo University Library Fiction 30/01/2024   PZ7 .B882 2010 20210317 30/01/2024 30/01/2024 Long Loan Books

© 2026 Rongo University
Contact us: librarian | system librarian | Rongo university